Music Quiz

Random Music or Artist Quiz

MTV Top 500 Quiz Stats

Quiz Updated Nov 17, 2016

Challenge
Share
Tweet
Embed
Score 0/224 Timer 20:00
0 Plays Today
Total Videos Artist % Correct
10Michael Jackson
95.9%
18Madonna
93.8%
6Nirvana
90.2%
12Janet Jackson
83.9%
10U2
83.7%
13Aerosmith
83.6%
1Joe Jackson
82.1%
4George Michael
81.3%
5Whitney Houston
79.6%
5Police
78.6%
2Oasis
76.4%
5Metallica
75.6%
4R.E.M.
74.6%
6Van Halen
73.9%
5Bon Jovi
73%
6Prince
72.7%
6Duran Duran
72.3%
9Tom Petty & The Heartbreakers
72.2%
5Red Hot Chili Peppers
71.8%
9Guns N Roses
71.5%
2B-52s
69.8%
1Vanilla Ice
68.8%
1MC Hammer
68.6%
4Billy Joel
67.7%
2Will Smith
67.6%
1Seal
66%
8Def Leppard
65.3%
5Alanis Morissette
65.2%
2Cyndi Lauper
64.6%
2Spice Girls
64.2%
2Bangles
64.2%
2Tina Turner
64.1%
3Phil Collins
64%
3TLC
64%
2Poison
63.5%
5Beastie Boys
62.5%
2Beck
61.1%
6John Mellencamp
60.7%
3Pearl Jam
59.4%
3Rolling Stones
59.1%
3Snoop Dogg
58.8%
1Run-DMC
58.8%
4Bryan Adams
58.5%
3Coolio
58.3%
2Eric Clapton
58%
4Bruce Springsteen
57.5%
2Whitesnake
57.4%
3No Doubt
57.2%
2Culture Club
57.2%
3Green Day
56.7%
3Eurythmics
56.2%
6Dr. Dre
56%
2Blondie
55.9%
42Pac
55.7%
7Boyz II Men
55.3%
1a-ha
55.2%
1Sinéad O'Connor
54%
2The Clash
53.8%
1Weezer
53.6%
2Men At Work
53.5%
2Wham!
52.3%
1Joan Jett & The Blackhearts
51.6%
4Puff Daddy
51.6%
5LL Cool J
51.3%
2Tears For Fears
51.1%
4David Bowie
50.9%
1Cranberries
50.4%
2Fugees
50%
2Toni Braxton
49.6%
1Counting Crows
49.3%
1Soundgarden
49%
10Mariah Carey
48.9%
5Billy Idol
48.5%
3ZZ Top
48.2%
3Sheryl Crow
48.2%
Total Videos Artist % Correct
2Peter Gabriel
47.4%
2Dire Straits
47.3%
3Paula Abdul
47.1%
6INXS
46.7%
3Genesis
46.5%
1Lenny Kravitz
45.8%
3Notorious B.I.G.
45.8%
2Robert Palmer
44.6%
2Sting
43.6%
2Salt-N-Pepa
43.1%
2Huey Lewis & The News
43%
1Twisted Sister
42.9%
1Hall & Oates
42.9%
1Devo
42.6%
1Bobby Brown
42.3%
1Tracy Chapman
41.8%
1Dexy's Midnight Runners
41.7%
2Don Henley
41.2%
3Go-Go's
41.1%
1UB40
41%
5Smashing Pumpkins
40.7%
2Dave Matthews Band
40.5%
4Bush
40%
1Paul McCartney
39.7%
2J. Geils Band
39.5%
1Foreigner
39.3%
1Nena
39.3%
1Blind Melon
38%
2Live
37.6%
2Heart
37.5%
1Bananarama
37.1%
1A Flock of Seagulls
36.7%
1George Harrison
36.7%
1Pet Shop Boys
36.6%
5Stone Temple Pilots
36.6%
1Kris Kross
36.4%
2Alice in Chains
36.3%
3Hootie & The Blowfish
35.6%
1Frankie Goes To Hollywood
35.5%
1Foo Fighters
35.5%
1House of Pain
35.3%
1Steve Perry
34.8%
2Depeche Mode
34.7%
2Steve Winwood
34.5%
2Stray Cats
34.3%
1Ice Cube
34.1%
1Toni Basil
33.9%
4Nine Inch Nails
33.8%
5En Vogue
33.8%
1Neil Young
33.6%
1Men Without Hats
33.2%
1Spin Doctors
33.1%
1Wang Chung
32.7%
1Thomas Dolby
32.4%
1Los Lobos
32.3%
5Mötley Crüe
32.2%
1The Cure
31.5%
1Simple Minds
31.3%
2Offspring
31.2%
1Sublime
30.9%
2The Cars
30.9%
1The Pretenders
30.9%
1The Wallflowers
30.8%
4Talking Heads
30.6%
4Black Crowes
30.4%
1Chris Isaak
30.3%
1Yes
30.2%
1Rage Against The Machine
30.2%
1Ozzy Osbourne
30.1%
1Band Aid
30.1%
1Jesus Jones
29.7%
1BLACKstreet
29.1%
1Jewel
28.9%
1Kim Carnes
28.8%
1Tone Loc
28.8%
Total Videos Artist % Correct
1Cypress Hill
28.7%
1Sammy Hagar
28.4%
1Jane's Addiction
28.4%
1Human League
28.4%
1Sugar Ray
28.2%
1Big Country
28%
2David Lee Roth
28%
1The Grateful Dead
27.7%
2Pat Benatar
27.2%
1Corey Hart
27.2%
1Young MC
26.6%
1Jamiroquai
26.6%
1Madness
26.3%
1Bow Wow Wow
26.2%
2Thompson Twins
26%
1C+C Music Factory
26%
1Adam Ant
25.9%
2Stevie Nicks
25.3%
1EMF
25.3%
1Public Enemy
25.1%
1Blues Traveler
24.9%
1Living Colour
24.8%
1George Thorogood
24.7%
1White Zombie
24.5%
1DJ Jazzy Jeff
24.2%
1USA For Africa
24.2%
1Faith No More
23.8%
1Midnight Oil
23.3%
1Mick Jagger
22.8%
1Cardigans
22.8%
1The Who
22.6%
1Kinks
22.4%
1Loverboy
22.4%
3Naughty By Nature
21.8%
1Bone Thugs N Harmony
21.5%
1Pink Floyd
21.3%
1Soul Asylum
21.2%
1.38 Special
21%
2Squeeze
21%
1Queensryche
20.9%
1Crowded House
20.6%
1Faith Evans
19.9%
1The Romantics
19.7%
1Modern English
19.2%
1The Fixx
18.8%
1Mighty Mighty Bosstones
18.6%
1Digital Underground
18.1%
2Mase
17.1%
1Collective Soul
17.1%
1R. Kelly
16.6%
1Arrested Development
16.4%
1Fleetwood Mac
16.4%
1Herbie Hancock
16.2%
1ABC
16%
1Temple of the Dog
15.9%
1Georgia Satellites
15.4%
1Brandy
13.1%
1Skid Row
13%
1Scandal
12.9%
1311
12.9%
1Musical Youth
12.9%
1New Order
11.2%
1The Prodigy
10.4%
1Naked Eyes
9.9%
1John Waite
9.3%
1Skee-lo
9.3%
1Haircut100
8.1%
1Tubes
7.3%
1Wu-Tang Clan
7.2%
1112
7.1%
1Love & Rockets
6.6%
1Missing Persons
5.5%
1Super Cat
4.6%
1Total
3.3%

You're not logged in!

Compare scores with friends on all Sporcle quizzes.
Join for Free
OR
Log In

You Might Also Like...

Show Comments

Extras

Top Quizzes Today


Score Distribution

Your Account Isn't Verified!

In order to create a playlist on Sporcle, you need to verify the email address you used during registration. Go to your Sporcle Settings to finish the process.

Report this User

Report this user for behavior that violates our Community Guidelines.

Details: